Jednotková cena bude, ale neskôr

Rozhovor s právničkou K. Malíkovou o zmene vyhlášky na vládne nariadenie, o zavedení jednotkovej ceny. Označovanie výrobkov prepočítanými cenami. Akým smerom sa bude cena prepočítavať. Ako budú vyzerať cenovky. Postup prepočtu ceny pri akciách na tovary. Bude jednotková cena uvedená na pokladničnom...

ver descrição completa

Na minha lista:
Detalhes bibliográficos
Autor principal: Hinková-Dibarborová, Andrea
Outros Autores: Malíková, Katarína
Formato: Capítulo de Livro
Idioma:eslovaco
Assuntos:
Tags: Adicionar Tag
Sem tags, seja o primeiro a adicionar uma tag!

MARC

LEADER 00000naa a2200000 4500
001 r044947
005 20231004093943.6
041 0 |a slo 
044 |a SK 
245 1 0 |a Jednotková cena bude, ale neskôr  |c Aut.interv. Andrea Hinková, Katarína Malíková 
520 |a Rozhovor s právničkou K. Malíkovou o zmene vyhlášky na vládne nariadenie, o zavedení jednotkovej ceny. Označovanie výrobkov prepočítanými cenami. Akým smerom sa bude cena prepočítavať. Ako budú vyzerať cenovky. Postup prepočtu ceny pri akciách na tovary. Bude jednotková cena uvedená na pokladničnom bloku? 
610 2 0 |a ceny 
610 2 0 |a ceny jednotkové 
610 2 0 |a ceny obchodné 
610 2 0 |a úpravy právne 
610 2 0 |a obchod 
610 2 0 |a spotrebitelia 
100 1 |a Hinková-Dibarborová, Andrea 
700 1 |a Malíková, Katarína